Devine le personnage de Vampire Diaries - Statistiques

Statistiques générales
  • Ce quiz a été pris 3 248 fois
  • Le résultat moyen est 20 sur 25
Statistiques - réponses
Par images Réponse % Correct
Elena Gilbert
100%
Bonnie Bennett
99%
Caroline Forbes
98%
Damon Salvatore
98%
Matt Donovan
97%
Klaus Mikaelson
96%
Stefan Salvatore
93%
Elijah Mikaelson
90%
Jeremy Gilbert
90%
Tyler Lockwood
90%
Katherine Pierce
89%
Enzo
87%
Alaric Saltzman
86%
Jenna Sommers
85%
Elisabeth Forbes
78%
Alexia Branson
76%
Rebekah Mikaelson
75%
Anna
70%
Kol Mikaelson
70%
Rose
65%
Isobel Flemming
64%
Carol Lockwood
52%
Finn Mikaelson
50%
Olivia Parker
50%
Marcel Gerard
47%
Aucun quiz correspondant
Distribution des résultats
% des personnes avec chaque résultat
Percentile par nombre de réponses
Votre historique - résultats
Vous n’avez pas pris ce quiz